Statistiques concernant Pays les plus peuplés par rapport à leur continent

Cliquez ici pour prendre le quiz!

Statistiques générales

  • Ce quiz a été pris 6,576 fois
  • Le résultat moyen est 16 sur 20

Statistiques - réponses

% Pays % Correct
31,6Chine
99%
56,6Etats-Unis
98%
29,7Inde
97%
7,8France
97%
49,4Brésil
96%
16,9Russie
94%
9,5Allemagne
94%
59,8Australie
93%
21,3Mexique
90%
7,6Royaume-Uni
86%
10,4Argentine
84%
7,2Italie
81%
11,5Nouvelle-Zélande
73%
7,6Égypte
71%
11,6Colombie
70%
15,9Nigeria
70%
7,5Pérou
63%
7,4Venezuela
52%
7,8Éthiopie
45%
20,6Papouasie-Nouvelle-
Guinée
31%

Distribution des résultats

Percentile par nombre de réponses

% des personnes avec chaque résultat

Votre développement - résultats

Vous n’avez pas pris ce quiz